Представление документа в формате MARC21

Поле Инд. ПП Название Значение
Тип записи a
Библиографический уровень m
001 _ Контрольный номер RU\infra-m\znanium\bibl\929667
005 _ Дата корректировки 20250915104139.9
008 Кодируемые данные 201228s2020 RU g rus u
020 a ISBN 978-5-16-003830-8
020 a ISBN 978-5-16-500235-9
040 a Служба первич. каталог. Общество с ограниченной ответственностью «ЗНАНИУМ»
041 a Код языка текста rus
044 a Код страны публикации RU
080 a Индекс УДК 38.45(075.8)
084 2 Источник индекса rubbk
a Индекс другой классификации/Индекс ББК 65.290-2я73
084 2 Источник индекса okso
a Индекс другой классификации/Индекс ББК 38.04.02
084 2 Источник индекса okso
a Индекс другой классификации/Индекс ББК 38.03.02
084 2 Источник индекса okso
a Индекс другой классификации/Индекс ББК 15.02.08
084 2 Источник индекса okso
a Индекс другой классификации/Индекс ББК 35.02.03
100 1_ a Автор Разумов Владимир Александрович
q Полное имя Владимир Александрович
245 a Заглавие Управление качеством
b Продолж. заглавия Учебное пособие
c Ответственность Курчатовский институт - ИРЕА
250 a Основные сведения об издании 1
260 a Место издания Москва
b Издательство ООО "Научно-издательский центр ИНФРА-М"
c Дата издания 2018
300 a Объем 208 с.
520 a Аннотация В учебном пособии в соответствии с Государственным стандартом высшего профессионального образования и учебной программой по дисциплине «Управление качеством» рассмотрены основные понятия качества как объекта управления и фактора повышения конкурентоспособности, стратегия всеобщего менеджмента качества, положения метрологии и квалиметрии и статистические методы, применяемые в управлении качеством. Даны новые подходы к интерпретации результатов статистического контроля состояния технологических процессов, исключающих ошибочные заключения.
521 a Примеч. о целев. назн. ВО - Бакалавриат
650 a Основная рубрика Управление (менеджмент)
x Основная подрубрика Управление качеством. Квалиметрия
852 x Примечание, не предназначенное для пользователя znanium2022
856 4_ a Имя сервера/домена znanium.com
m Помощь ebs_support@infra-m.ru
n Местонахождение сервера НИЦ ИНФРА-М
u URL http://znanium.com/catalog/document?id=372304
z Примечание для пользователя Участвует в КО
856 41 a Имя сервера/домена znanium.com
d Путь /cover/0929
f Электронное имя 929667.jpg
q Тип электронного формата image/jpeg
u URL https://znanium.com/cover/0929/929667.jpg